Autómatas programables : fundamento, manejo, instalación y prácticas (Registro nro. 38769)

Detalles MARC
001 - NÚMERO DE CONTROL
campo de control 73139
005 - FECHA Y HORA DE LA ÚLTIMA TRANSACCIÓN
campo de control 20260504074515.0
008 - DATOS DE LONGITUD FIJA--INFORMACIÓN GENERAL
campo de control de longitud fija 960313s1990 spa
020 ## - NÚMERO INTERNACIONAL ESTÁNDAR DEL LIBRO
Número Internacional Estándar del Libro 9788476154939
035 ## - NÚMERO DE CONTROL DEL SISTEMA
Número de control de sistema 73139
035 ## - NÚMERO DE CONTROL DEL SISTEMA
Número de control de sistema (OCoLC)778204513
040 ## - FUENTE DE LA CATALOGACIÓN
Centro/agencia transcriptor comduadb
041 ## - CÓDIGO DE LENGUA
Código de lengua del texto/banda sonora o título independiente spa
082 #4 - NÚMERO DE LA CLASIFICACIÓN DECIMAL DEWEY
Número de clasificación 621
100 10 - ENTRADA PRINCIPAL--NOMBRE DE PERSONA
Nombre de persona Porras Criado, Alejandro
Código de función aut
Término indicativo de función/relación Autor/a
9 (RLIN) 481408
245 10 - MENCIÓN DE TÍTULO
Título Autómatas programables : fundamento, manejo, instalación y prácticas
260 ## - PUBLICACIÓN, DISTRIBUCIÓN, ETC.
Lugar de publicación, distribución, etc. Medellín :
Nombre del editor, distribuidor, etc. McGraw-Hill Interamericana,
Fecha de publicación, distribución, etc. 1990.
300 ## - DESCRIPCIÓN FÍSICA
Extensión xi, 210 páginas :
Otras características físicas ilustraciones
650 ## - PUNTO DE ACCESO ADICIONAL DE MATERIA--TÉRMINO DE MATERIA
Término de materia o nombre geográfico como elemento de entrada Controladores programables
9 (RLIN) 16844
650 #7 - PUNTO DE ACCESO ADICIONAL DE MATERIA--TÉRMINO DE MATERIA
Término de materia o nombre geográfico como elemento de entrada Automatización
Fuente del encabezamiento o término lemb
9 (RLIN) 1217
700 10 - ENTRADA AGREGADA--NOMBRE PERSONAL
Nombre de persona Montanero Molina, Antonio Placido
Código de función aut
Término indicativo de función/relación Autor/a
9 (RLIN) 481409
942 ## - ELEMENTOS DE ENTRADA AGREGADA (KOHA)
Tipo de ítem Koha Libros
Existencias
Estado de retiro Estado de pérdida Estado dañado No para préstamo Código de colección Localización permanente Ubicación/localización actual Fecha de adquisición Número de inventario Total de préstamos Signatura topográfica completa Código de barras Fecha visto por última vez Número de copia Precio válido a partir de Tipo de ítem Koha
        Colección General Piso 2 Biblioteca Carlos Gaviria Díaz, Campus Medellín Biblioteca Carlos Gaviria Díaz, Campus Medellín 27/04/1998 C117105   621.38173 P838a 61000001470661 20/04/2023 1 20/04/2023 Libros
        Colección General Piso 2 Biblioteca Carlos Gaviria Díaz, Campus Medellín Biblioteca Carlos Gaviria Díaz, Campus Medellín 26/09/1998 C117106   621.38173 P838a e2 61000001182571 07/06/2024 2 20/04/2023 Libros